[Event "4NCL"]
[Site "Barcelo Hotel, Hinckley Island"]
[Date "2011.01.16"]
[Round "4.17"]
[White "Morrison, Graham"]
[Black "Rendle, Thomas E"]
[Result "1/2-1/2"]
[WhiteElo "2340"]
[BlackElo "2391"]
[PlyCount "31"]
[EventDate "2011.??.??"]
[WhiteTeam "Barbican 4NCL 2"]
[BlackTeam "Sambuca Sharks"]

1. d4 f5 2. g3 Nf6 3. Bg2 g6 4. Nf3 Bg7 5. O-O O-O 6. c4 d6 7. Nc3 Nc6 8. d5
Na5 9. b3 Ne4 10. Nxe4 Bxa1 11. Neg5 c5 12. e4 Bf6 13. exf5 Bxf5 14. Nh4 e5 15.
Nxf5 gxf5 16. Ne6 1/2-1/2

[Event "4NCL"]
[Site "Barcelo Hotel, Hinckley Island"]
[Date "2011.01.16"]
[Round "4.17"]
[White "Berry, Neil"]
[Black "Purton, Ben J"]
[Result "1/2-1/2"]
[WhiteElo "2331"]
[BlackElo "2147"]
[PlyCount "62"]
[EventDate "2011.??.??"]
[WhiteTeam "Barbican 4NCL 2"]
[BlackTeam "Sambuca Sharks"]

1. c4 c5 2. g3 Nf6 3. Bg2 d5 4. cxd5 Nxd5 5. Nc3 Nc7 6. Nf3 Nc6 7. O-O e5 8. a3
f6 9. Rb1 Rb8 10. Ne1 Bd7 11. d3 b5 12. f4 Ne6 13. Nf3 exf4 14. gxf4 Ncd4 15.
e3 b4 16. exd4 bxc3 17. Re1 Kf7 18. f5 Nc7 19. Ng5+ fxg5 20. Qh5+ Kg8 21. Bxg5
Qc8 22. Bf4 Be8 23. Qf3 Bf7 24. bxc3 Rxb1 25. Rxb1 Ne8 26. Rb8 Qxf5 27. Qe3
cxd4 28. cxd4 Qg6 29. Kf2 Qf6 30. Kg1 Qg6 31. Kf2 Qf6 1/2-1/2

[Event "4NCL"]
[Site "Barcelo Hotel, Hinckley Island"]
[Date "2011.01.16"]
[Round "4.17"]
[White "Murphy, Hugh W"]
[Black "Piper, Matthew S"]
[Result "0-1"]
[WhiteElo "2191"]
[BlackElo "2341"]
[PlyCount "64"]
[EventDate "2011.??.??"]
[WhiteTeam "Sambuca Sharks"]
[BlackTeam "Barbican 4NCL 2"]

1. e4 e5 2. f4 exf4 3. Nf3 Nf6 4. e5 Nh5 5. Be2 g5 6. O-O Rg8 7. d4 d5 8. exd6
Bxd6 9. Nc3 Nf6 10. Bc4 Nc6 11. Qd3 h6 12. Bd2 Kf8 13. Ne4 Bf5 14. Rae1 Nxe4
15. Rxe4 Bxe4 16. Qxe4 Qf6 17. g3 Re8 18. Qd3 a6 19. gxf4 gxf4+ 20. Kh1 Qg6 21.
Qxg6 Rxg6 22. Nh4 Rf6 23. c3 Ne7 24. Bd3 Nd5 25. Nf5 Ne3 26. Nxd6 cxd6 27. Rf3
d5 28. Kg1 Ke7 29. Be1 Rg8+ 30. Kh1 Ke8 31. Bh4 Re6 32. Rxf4 Ng2 0-1

[Event "4NCL"]
[Site "Barcelo Hotel, Hinckley Island"]
[Date "2011.01.16"]
[Round "4.17"]
[White "Rogers, Jonathan W"]
[Black "Grassie, Duncan"]
[Result "1-0"]
[WhiteElo "2338"]
[BlackElo "2110"]
[PlyCount "53"]
[EventDate "2011.??.??"]
[WhiteTeam "Barbican 4NCL 2"]
[BlackTeam "Sambuca Sharks"]

1. d4 Nf6 2. Nf3 g6 3. g3 Bg7 4. Bg2 O-O 5. O-O c6 6. c4 d5 7. cxd5 cxd5 8. Nc3
Nc6 9. Ne5 Nxe5 10. dxe5 Nd7 11. Nxd5 Nxe5 12. Bg5 Nc6 13. Qb3 h6 14. Be3 Be6
15. Rfd1 Qc8 16. Rac1 Rd8 17. Rxc6 bxc6 18. Nxe7+ Kh7 19. Nxc8 Bxb3 20. Rxd8
Be6 21. Bxc6 Rxc8 22. Rxc8 Bxc8 23. b4 a6 24. a4 Be5 25. b5 axb5 26. axb5 Bb8
27. Bf4 1-0

[Event "4NCL"]
[Site "Barcelo Hotel, Hinckley Island"]
[Date "2011.01.16"]
[Round "4.17"]
[White "Williams, Samuel G"]
[Black "Chapman, Terry PD"]
[Result "1-0"]
[WhiteElo "2190"]
[BlackElo "2250"]
[PlyCount "65"]
[EventDate "2011.??.??"]
[WhiteTeam "Sambuca Sharks"]
[BlackTeam "Barbican 4NCL 2"]

1. d4 d6 2. Nf3 Nf6 3. c4 g6 4. Nc3 Bg7 5. e4 O-O 6. Be2 e5 7. O-O Nc6 8. d5
Ne7 9. b4 c6 10. dxc6 Nxc6 11. Rb1 a5 12. b5 Nd4 13. Be3 Ne6 14. h3 b6 15. Qd3
Qc7 16. Rfd1 Rd8 17. Nd5 Nxd5 18. cxd5 Nc5 19. Bxc5 dxc5 20. Nd2 f5 21. Bf3 Bf8
22. Nc4 Bd6 23. a4 Rb8 24. Rb2 Qf7 25. Qc3 Qf6 26. exf5 Bxf5 27. Re2 Kf7 28.
Rde1 Re8 29. g4 Bd7 30. Bg2 Bc7 31. d6 Bxd6 32. Rd1 Re6 33. Red2 1-0

[Event "4NCL"]
[Site "Barcelo Hotel, Hinckley Island"]
[Date "2011.01.16"]
[Round "4.17"]
[White "Sands, David A"]
[Black "Hasman, Cengiz"]
[Result "1/2-1/2"]
[WhiteElo "2238"]
[BlackElo "2097"]
[PlyCount "39"]
[EventDate "2011.??.??"]
[WhiteTeam "Barbican 4NCL 2"]
[BlackTeam "Sambuca Sharks"]

1. d4 Nf6 2. c4 g6 3. Nc3 Bg7 4. e4 d6 5. Be2 O-O 6. Nf3 e5 7. O-O exd4 8. Nxd4
Re8 9. f3 Nc6 10. Be3 Nh5 11. Qd2 Nf4 12. Rfd1 Bxd4 13. Bxd4 Nxd4 14. Qxd4
Nxe2+ 15. Nxe2 Qg5 16. Nc3 Be6 17. Rac1 b6 18. Rc2 Qc5 19. Qxc5 bxc5 20. Nd5
1/2-1/2

[Event "4NCL"]
[Site "Barcelo Hotel, Hinckley Island"]
[Date "2011.01.16"]
[Round "4.17"]
[White "Oliver, Shannon"]
[Black "Bhatia, Kanwal K"]
[Result "1/2-1/2"]
[WhiteElo "1925"]
[BlackElo "2087"]
[PlyCount "53"]
[EventDate "2011.??.??"]
[WhiteTeam "Sambuca Sharks"]
[BlackTeam "Barbican 4NCL 2"]

1. e4 e5 2. Nf3 Nc6 3. d4 exd4 4. Nxd4 Bc5 5. Be3 Qf6 6. c3 Nge7 7. Bc4 Ne5 8.
Be2 d6 9. O-O Qg6 10. f3 O-O 11. Kh1 Kh8 12. Nd2 f5 13. exf5 Nxf5 14. Nxf5 Bxf5
15. Bxc5 dxc5 16. Nc4 Nc6 17. Ne3 Rad8 18. Qe1 Bc8 19. Rd1 Rfe8 20. Rxd8 Nxd8
21. Bc4 Nf7 22. Qd2 Nd6 23. Bb3 b5 24. Nd5 c6 25. Nf4 Qf6 26. Nh5 Qe7 27. Ng3
1/2-1/2

[Event "4NCL"]
[Site "Barcelo Hotel, Hinckley Island"]
[Date "2011.01.16"]
[Round "4.18"]
[White "Slavin, Alexei"]
[Black "Savage, Ben DM"]
[Result "1-0"]
[WhiteElo "2417"]
[BlackElo "2289"]
[PlyCount "127"]
[EventDate "2011.??.??"]
[WhiteTeam "e2e4.org.uk 1"]
[BlackTeam "Oxford 1"]

1. d4 Nf6 2. c4 c5 3. d5 b5 4. cxb5 a6 5. bxa6 d6 6. Nc3 Bxa6 7. Nf3 g6 8. g3
Bg7 9. e4 Bxf1 10. Kxf1 Nbd7 11. Kg2 O-O 12. Qc2 Qb6 13. a4 Rfb8 14. Nb5 Ne8
15. Bg5 Nc7 16. Bxe7 Nxb5 17. axb5 f6 18. Rxa8 Rxa8 19. Nd2 Ne5 20. Re1 Qc7 21.
Bxd6 Qxd6 22. f4 Nd7 23. Nc4 Qb8 24. Qb3 Qb7 25. d6 Kf8 26. Kh3 Rb8 27. e5 fxe5
28. fxe5 Qd5 29. e6 Ne5 30. e7+ Ke8 31. Nd2 Qxb3 32. Nxb3 Rxb5 33. Ra1 Nd7 34.
Nxc5 Rb8 35. Nxd7 Kxd7 36. Ra7+ Ke6 37. d7 Kxe7 38. d8=Q+ Kxd8 39. Rxg7 Rxb2
40. Rxh7 Ke8 41. Kg4 Kf8 42. Kg5 Kg8 43. Rh6 Kf7 44. Rh7+ Kg8 45. Ra7 Rxh2 46.
Kxg6 Kf8 47. Ra8+ Ke7 48. g4 Rg2 49. g5 Rg1 50. Rg8 Rg2 51. Kh7 Kf7 52. g6+ Kf6
53. Rf8+ Ke7 54. Rf7+ Ke6 55. Rf1 Re2 56. g7 Rh2+ 57. Kg8 Rh3 58. Re1+ Kd7 59.
Re5 Kd6 60. Re4 Kd7 61. Kf7 Rf3+ 62. Kg6 Rg3+ 63. Kf6 Kd8 64. Re5 1-0

[Event "4NCL"]
[Site "Barcelo Hotel, Hinckley Island"]
[Date "2011.01.16"]
[Round "4.18"]
[White "Rose, Matthew"]
[Black "Zhou, Yang-Fan"]
[Result "1/2-1/2"]
[WhiteElo "2276"]
[BlackElo "2325"]
[PlyCount "122"]
[EventDate "2011.??.??"]
[WhiteTeam "Oxford 1"]
[BlackTeam "e2e4.org.uk 1"]

1. e4 c5 2. c3 d5 3. exd5 Qxd5 4. d4 Nf6 5. Nf3 Bg4 6. Be2 e6 7. h3 Bh5 8. Be3
cxd4 9. cxd4 Bb4+ 10. Nc3 Ne4 11. Rc1 O-O 12. O-O Bxc3 13. bxc3 Qxa2 14. c4 Qa5
15. Qb3 Qc7 16. g4 Bg6 17. Ne5 Nc6 18. Nxg6 hxg6 19. Bf3 Nf6 20. Bg2 Qd7 21.
Rfd1 Rac8 22. Qa4 b6 23. g5 Na5 24. Qb4 Nh5 25. c5 Qe7 26. Qb5 Rfd8 27. cxb6
axb6 28. d5 exd5 29. Bxd5 Rxc1 30. Bxc1 Rc8 31. Be3 Kh7 32. Bf3 Nc4 33. Rc1 Nd6
34. Qb1 Rxc1+ 35. Qxc1 b5 36. Bc5 Qe5 37. Bxd6 Qxd6 38. Bxh5 gxh5 39. Qb1+ Qg6
40. Qxb5 h4 41. Qd5 f6 42. f4 Qb1+ 43. Kh2 Qc2+ 44. Qg2 Qf5 45. Qf3 fxg5 46.
Qh5+ Kg8 47. Qe8+ Kh7 48. Qh5+ Kg8 49. Qe8+ Qf8 50. Qxf8+ Kxf8 51. fxg5 Kf7 52.
Kg2 Kg6 53. Kf3 Kxg5 54. Ke4 Kh5 55. Kf4 g6 56. Kf3 g5 57. Ke3 Kg6 58. Kf3 Kf5
59. Ke3 Ke5 60. Kf3 Kf5 61. Ke3 Ke5 1/2-1/2

[Event "4NCL"]
[Site "Barcelo Hotel, Hinckley Island"]
[Date "2011.01.16"]
[Round "4.18"]
[White "Arutyunova, Diana"]
[Black "Eckersley-Waites, Tom"]
[Result "0-1"]
[WhiteElo "2304"]
[BlackElo "2246"]
[PlyCount "68"]
[EventDate "2011.??.??"]
[WhiteTeam "e2e4.org.uk 1"]
[BlackTeam "Oxford 1"]

1. e4 e5 2. Nf3 Nc6 3. d4 exd4 4. Nxd4 Bc5 5. Be3 Qf6 6. c3 Nge7 7. Bc4 Ne5 8.
Be2 Qg6 9. O-O d6 10. f4 Bh3 11. Rf2 Qxe4 12. fxe5 Qxe3 13. exd6 Bxd6 14. gxh3
Bxh2+ 15. Kf1 Qxh3+ 16. Rg2 Nd5 17. Nc2 Nf4 18. Ne1 Nxg2 19. Nxg2 Bg3 20. Qa4+
Kf8 21. Qb4+ Kg8 22. Qc5 Re8 23. Qh5 Qxh5 24. Bxh5 g6 25. Bf3 c6 26. Nd2 f5 27.
Kg1 Kf7 28. Bd1 Kf6 29. Nf1 Bc7 30. Kf2 h5 31. Nge3 h4 32. Kg2 h3+ 33. Kh1 Bf4
34. Nc2 g5 0-1

[Event "4NCL"]
[Site "Barcelo Hotel, Hinckley Island"]
[Date "2011.01.16"]
[Round "4.18"]
[White "Mladenov, Ilian"]
[Black "Smallbone, Kieran D"]
[Result "1-0"]
[WhiteElo "2194"]
[BlackElo "2221"]
[PlyCount "91"]
[EventDate "2011.??.??"]
[WhiteTeam "e2e4.org.uk 1"]
[BlackTeam "Oxford 1"]

1. d4 d5 2. Nf3 Nf6 3. Bg5 Ne4 4. Bf4 c5 5. c3 Nc6 6. e3 Qb6 7. Qc1 h6 8. Nbd2
g5 9. Bg3 Nxg3 10. hxg3 Bg7 11. Bd3 Bg4 12. Qc2 Rc8 13. Qb3 Bxf3 14. Nxf3 e6
15. g4 c4 16. Qxb6 axb6 17. Bc2 O-O 18. O-O-O f5 19. gxf5 exf5 20. Ne5 Ne7 21.
f4 g4 22. Rh5 b5 23. Nd7 Rf7 24. Rdh1 Rc7 25. Ne5 Rf6 26. Kd2 b6 27. Ra1 Ra7
28. Rhh1 Rf8 29. Rh5 Rf6 30. a4 Rf8 31. Ra3 bxa4 32. Rxa4 Rxa4 33. Bxa4 Bxe5
34. dxe5 Kg7 35. Bd7 Kg6 36. Rh1 Ra8 37. Kc2 h5 38. Be6 Ra5 39. Rd1 Rb5 40. Ra1
Ra5 41. Rd1 Rb5 42. Bd7 Ra5 43. Be8+ Kh6 44. Rh1 Ng6 45. Bf7 Kg7 46. Be6 1-0

[Event "4NCL"]
[Site "Barcelo Hotel, Hinckley Island"]
[Date "2011.01.16"]
[Round "4.18"]
[White "Shaw, David A"]
[Black "Almond, Richard J"]
[Result "1-0"]
[WhiteElo "2244"]
[BlackElo "2145"]
[PlyCount "141"]
[EventDate "2011.??.??"]
[WhiteTeam "Oxford 1"]
[BlackTeam "e2e4.org.uk 1"]

1. e4 d5 2. exd5 Qxd5 3. Nc3 Qa5 4. d4 c6 5. Nf3 Nf6 6. Ne5 Be6 7. Be2 Nbd7 8.
Nc4 Bxc4 9. Bxc4 e6 10. O-O Bd6 11. Re1 O-O 12. Ne4 Nxe4 13. Rxe4 e5 14. c3 Nf6
15. Rh4 exd4 16. Rxd4 Bc7 17. Qc2 Qh5 18. Bf4 c5 19. Be2 Qg6 20. Qxg6 hxg6 21.
Ra4 Bxf4 22. Rxf4 Rad8 23. Rc4 Rd2 24. Bf3 Rxb2 25. Rxc5 Rd8 26. a4 b6 27. Rb5
Rc2 28. a5 Rd6 29. axb6 axb6 30. Rb3 Nd7 31. h3 Nc5 32. Rba3 Rdd2 33. Rf1 Kh7
34. Ra7 f6 35. Re1 Rd7 36. Rxd7 Nxd7 37. Re3 Ne5 38. Bd5 Rc1+ 39. Kh2 g5 40.
Be6 Kg6 41. Kg3 b5 42. f4 Nc4 43. Rd3 f5 44. Bd7 Rb1 45. Rd5 gxf4+ 46. Kxf4
Rf1+ 47. Kg3 Rc1 48. Rxb5 Rxc3+ 49. Kf4 Ne3 50. Bxf5+ Nxf5 51. Rb6+ Kf7 52.
Kxf5 Rg3 53. Rb7+ Kg8 54. Rb2 g5 55. Kg6 Kf8 56. Rf2+ Ke7 57. Kh5 Ke6 58. h4
gxh4 59. Kxh4 Rg6 60. g4 Rg7 61. Kh5 Ke7 62. g5 Rg8 63. Kh6 Rh8+ 64. Kg7 Rh3
65. Re2+ Kd7 66. g6 Rg3 67. Kf7 Rf3+ 68. Kg8 Rg3 69. g7 Rf3 70. Rh2 Ke7 71. Kh8
1-0

[Event "4NCL"]
[Site "Barcelo Hotel, Hinckley Island"]
[Date "2011.01.16"]
[Round "4.18"]
[White "Sugden, John N"]
[Black "White, Michael JR"]
[Result "0-1"]
[WhiteElo "2193"]
[BlackElo "2237"]
[PlyCount "78"]
[EventDate "2011.??.??"]
[WhiteTeam "e2e4.org.uk 1"]
[BlackTeam "Oxford 1"]

1. e4 c5 2. Nc3 Nc6 3. g3 g6 4. Bg2 Bg7 5. d3 d6 6. f4 e6 7. Nf3 Nge7 8. O-O
O-O 9. Bd2 Rb8 10. Rb1 b5 11. a3 a5 12. a4 bxa4 13. Nxa4 Bd7 14. b3 e5 15. fxe5
Nxe5 16. Nxe5 Bxe5 17. Bh6 Re8 18. Bf4 Bd4+ 19. Kh1 Bxa4 20. bxa4 Qd7 21. Qd2
Rxb1 22. Rxb1 Qxa4 23. Bxd6 Qa2 24. Rf1 a4 25. Bh3 Kg7 26. Qa5 Qxc2 27. Qb5 Kf8
28. Be6 f6 29. Qd7 Qc3 30. Rb1 Qxd3 31. Bxe7+ Rxe7 32. Rb8+ Kg7 33. Qxe7+ Kh6
34. Kg2 Qe2+ 35. Kh3 Kg5 36. Rb1 h6 37. Qc7 Be3 38. Rh1 a3 39. Qd6 Qg2+ {White
lost on time} 0-1

[Event "4NCL"]
[Site "Barcelo Hotel, Hinckley Island"]
[Date "2011.01.16"]
[Round "4.18"]
[White "Tidman, Sophie E"]
[Black "Talbot, Andrew R"]
[Result "0-1"]
[WhiteElo "2109"]
[BlackElo "2139"]
[PlyCount "88"]
[EventDate "2011.??.??"]
[WhiteTeam "Oxford 1"]
[BlackTeam "e2e4.org.uk 1"]

1. e4 c5 2. Nf3 d6 3. d4 cxd4 4. Nxd4 Nf6 5. Nc3 a6 6. Be3 e5 7. Nde2 Ng4 8.
Nd5 Nxe3 9. Nxe3 Nc6 10. f4 Be7 11. Qd2 exf4 12. Nxf4 O-O 13. O-O-O Ne5 14.
Ned5 Bg5 15. g3 Be6 16. h4 Bh6 17. Be2 Rc8 18. Kb1 Rc5 19. Qd4 Nc6 20. Qf2 Qa5
21. Qe1 Qa4 22. Bd3 Bxf4 23. gxf4 Bxd5 24. exd5 Nb4 25. Qe4 Qxa2+ 26. Kc1 Nxd3+
27. Rxd3 Qa1+ 28. Kd2 Qxb2 29. Rb3 Qa2 30. Rhb1 Qa5+ 31. Kc1 Rxd5 32. Rxb7 Qd2+
33. Kb2 Qd4+ 34. Qxd4 Rxd4 35. Rf1 a5 36. Kc3 Rd5 37. Ra1 Rc8+ 38. Kb3 g6 39.
Ra7 Rb5+ 40. Ka4 Rcc5 41. c3 Rb8 42. Rd1 Rc4+ 43. Kxa5 Rxc3 44. Rd4 Kg7 0-1

[Event "4NCL"]
[Site "De Vere, Wokefield Park, ENG"]
[Date "2011.02.19"]
[Round "5.11"]
[White "Adams, Michael"]
[Black "Slaby, Jerzy"]
[Result "0-1"]
[WhiteElo "2723"]
[BlackElo "2481"]
[PlyCount "100"]
[EventDate "2011.??.??"]
[WhiteTeam "Pride & Prejudice"]
[BlackTeam "Pandora's Box Grantham"]

1. e4 c5 2. Nf3 Nc6 3. Bb5 d6 4. O-O Bd7 5. Re1 Nf6 6. c3 a6 7. Bf1 Bg4 8. h3
Bxf3 9. Qxf3 g6 10. d3 Bg7 11. Be3 O-O 12. Nd2 Nd7 13. Qe2 b5 14. a3 a5 15. Nf3
b4 16. d4 bxc3 17. bxc3 Rb8 18. Qc2 Qc7 19. Rab1 e6 20. Bb5 Ne7 21. Bg5 Nf6 22.
Qd2 cxd4 23. cxd4 Rfc8 24. a4 Ra8 25. Qf4 d5 26. e5 Ne4 27. Rec1 Qa7 28. g4
Rxc1+ 29. Rxc1 Rc8 30. Rxc8+ Nxc8 31. Bd8 Nb6 32. Ng5 Nxg5 33. Bxg5 Nc4 34. h4
Bf8 35. Bf6 Na3 36. Bd3 Qc7 37. Qd2 Bb4 38. Qe3 Qc3 39. h5 Nc2 40. hxg6 fxg6
41. Bxc2 Qxc2 42. Kg2 Qxa4 43. Qd3 Qc6 44. Qb3 Qd7 45. Kg3 Kf7 46. Kh4 Qc6 47.
Bg5 Qd7 48. Bf6 h6 49. Qd3 Qc6 50. Qb3 Qc3 0-1

[Event "4NCL"]
[Site "De Vere, Wokefield Park, ENG"]
[Date "2011.02.19"]
[Round "5.11"]
[White "Capucci, Marcos"]
[Black "Howell, David W L"]
[Result "1-0"]
[WhiteElo "2229"]
[BlackElo "2608"]
[PlyCount "79"]
[EventDate "2011.??.??"]
[WhiteTeam "Pandora's Box Grantham"]
[BlackTeam "Pride & Prejudice"]

1. Nf3 Nf6 2. b3 g6 3. Bb2 Bg7 4. e3 O-O 5. Be2 b6 6. O-O Bb7 7. c4 c5 8. Nc3
e6 9. d4 a6 10. dxc5 bxc5 11. Qd6 Qa5 12. Rad1 Rd8 13. Ng5 h6 14. Na4 Rc8 15.
Bf3 Bxf3 16. Nxf3 Ra7 17. Qe7 Qc7 18. Be5 Qb7 19. Nxc5 Qb4 20. Bxb8 Rxb8 21.
Qd6 Rb6 22. Qe7 Rb8 23. Ne5 Rf8 24. Nc6 dxc6 25. Qxa7 Qa3 26. Qb6 a5 27. Qxc6
Qxa2 28. Qa4 Qb2 29. Qxa5 Kh7 30. Qd2 Qe5 31. Qd4 Qb8 32. Qd6 Qa8 33. Ra1 Qc8
34. Ra7 Ne8 35. Qb6 Nf6 36. Rd1 e5 37. Nd7 Rd8 38. Nxf6+ Bxf6 39. Rxf7+ Kg8 40.
Rxd8+ 1-0

[Event "4NCL"]
[Site "De Vere, Wokefield Park, ENG"]
[Date "2011.02.19"]
[Round "5.11"]
[White "Jones, Gawain CB"]
[Black "Burrows, Martin P"]
[Result "1/2-1/2"]
[WhiteElo "2593"]
[BlackElo "2168"]
[PlyCount "94"]
[EventDate "2011.??.??"]
[WhiteTeam "Pride & Prejudice"]
[BlackTeam "Pandora's Box Grantham"]

1. e4 c5 2. Nc3 Nc6 3. Nge2 e5 4. Nd5 d6 5. Nec3 Be6 6. a3 a6 7. b4 Nf6 8.
Nxf6+ Qxf6 9. Nd5 Qd8 10. Rb1 Be7 11. bxc5 dxc5 12. Nb6 Rb8 13. Bc4 Bxc4 14.
Nxc4 b5 15. Ne3 O-O 16. d3 Bg5 17. O-O Bxe3 18. Bxe3 Qe7 19. f4 exf4 20. Rxf4
Rfd8 21. Qh5 Ne5 22. Rh4 h6 23. Bxh6 gxh6 24. Qxh6 Ng6 25. Qh7+ Kf8 26. Rf1 Ke8
27. Rh5 Nf8 28. Qh8 Rb6 29. Rhf5 Rd7 30. h4 c4 31. d4 Qxa3 32. Rc5 Qe3+ 33. Kh1
Qh6 34. Qe5+ Re6 35. Rc8+ Rd8 36. Rxd8+ Kxd8 37. Qb8+ Ke7 38. d5 Nd7 39. Qg8
Rf6 40. d6+ Kxd6 41. e5+ Nxe5 42. Qd8+ Nd7 43. Rd1+ Kc5 44. Qc7+ Kb4 45. Rb1+
Kc3 46. Qg3+ Kxc2 47. Qe1 Rf1+ 1/2-1/2

[Event "4NCL"]
[Site "De Vere, Wokefield Park, ENG"]
[Date "2011.02.19"]
[Round "5.11"]
[White "Birtwistle, Nigel"]
[Black "Hebden, Mark L"]
[Result "0-1"]
[WhiteElo "2229"]
[BlackElo "2558"]
[PlyCount "44"]
[EventDate "2011.??.??"]
[WhiteTeam "Pandora's Box Grantham"]
[BlackTeam "Pride & Prejudice"]

1. d4 Nf6 2. c4 g6 3. Nc3 Bg7 4. e4 d6 5. Nge2 Nbd7 6. Ng3 h5 7. h4 a6 8. Be2
c6 9. a4 a5 10. Ra3 e5 11. d5 Nc5 12. Bg5 Qb6 13. dxc6 bxc6 14. Qxd6 Ncd7 15.
Qd1 Rb8 16. Ra2 Nc5 17. Qd6 Ne6 18. O-O Nxg5 19. hxg5 Nd7 20. Re1 Bf8 21. Qd2
Nc5 22. Qc2 Be7 0-1

[Event "4NCL"]
[Site "De Vere, Wokefield Park, ENG"]
[Date "2011.02.19"]
[Round "5.11"]
[White "Flear, Glenn C"]
[Black "Cumbers, Paul"]
[Result "1-0"]
[WhiteElo "2495"]
[BlackElo "2214"]
[PlyCount "69"]
[EventDate "2011.??.??"]
[WhiteTeam "Pride & Prejudice"]
[BlackTeam "Pandora's Box Grantham"]

1. d4 Nf6 2. c4 c5 3. d5 e6 4. Nc3 exd5 5. cxd5 d6 6. Nf3 g6 7. Bf4 Bg7 8. Qa4+
Bd7 9. Qb3 Qc7 10. e4 O-O 11. Nd2 Nh5 12. Be3 Na6 13. Be2 Rab8 14. a4 Nb4 15.
O-O a6 16. a5 Nf6 17. Bf4 Ne8 18. Nc4 Bb5 19. Nxb5 axb5 20. Nb6 f5 21. exf5
Rxf5 22. Bd2 Bd4 23. Bxb5 Qf7 24. Be3 Bxe3 25. fxe3 Nf6 26. Rxf5 gxf5 27. Rf1
Ne4 28. Bd7 Nd2 29. Qd1 Nxf1 30. Be6 Nxe3 31. Qh5 Qxe6 32. dxe6 Ned5 33. Nxd5
Nxd5 34. Qg5+ Kh8 35. Qxf5 1-0

[Event "4NCL"]
[Site "De Vere, Wokefield Park, ENG"]
[Date "2011.02.19"]
[Round "5.11"]
[White "Milson, Samuel A"]
[Black "Emms, John M"]
[Result "0-1"]
[WhiteElo "2058"]
[BlackElo "2475"]
[PlyCount "124"]
[EventDate "2011.??.??"]
[WhiteTeam "Pandora's Box Grantham"]
[BlackTeam "Pride & Prejudice"]

1. e4 e5 2. Nf3 Nc6 3. Bb5 a6 4. Ba4 Nf6 5. O-O b5 6. Bb3 Bc5 7. c3 d6 8. d4
Bb6 9. h3 Bb7 10. Re1 O-O 11. Bc2 Re8 12. d5 Ne7 13. Nbd2 Ng6 14. Nf1 Bc8 15.
Ng3 h6 16. a4 Bd7 17. Bd2 Nf4 18. Bxf4 exf4 19. Nf1 c6 20. Qd2 cxd5 21. exd5
Qc7 22. Qxf4 Nxd5 23. Qd2 Nf6 24. Nd4 b4 25. Nf5 Bxf5 26. Bxf5 bxc3 27. bxc3
Ba5 28. Rec1 Qc5 29. Qc2 Bxc3 30. Rab1 Bd4 31. Qxc5 Bxc5 32. Bd3 a5 33. Bc4
Rab8 34. Rxb8 Rxb8 35. Bb5 Ne4 36. Ne3 g6 37. Rc2 Kg7 38. Kf1 Bxe3 39. fxe3 Nc5
40. Ke2 Kf6 41. Kf3 Ke5 42. Rc4 f5 43. g3 g5 44. Rc2 Rb7 45. Rc4 Rg7 46. Bc6
Rc7 47. Bb5 Rg7 48. Bc6 h5 49. Kg2 h4 50. g4 Rc7 51. Bf3 f4 52. Rd4 Ne6 53.
Rd5+ Kf6 54. e4 Rc2+ 55. Kg1 Rc1+ 56. Kg2 Ke7 57. e5 dxe5 58. Rxe5 Rc2+ 59. Kg1
Rc5 60. Re1 Rc3 61. Kf2 Re3 62. Rd1 Nc5 0-1

[Event "4NCL"]
[Site "De Vere, Wokefield Park, ENG"]
[Date "2011.02.19"]
[Round "5.11"]
[White "Summerscale, Aaron P"]
[Black "Wells, Daniel J"]
[Result "1-0"]
[WhiteElo "2440"]
[BlackElo "1997"]
[PlyCount "67"]
[EventDate "2011.??.??"]
[WhiteTeam "Pride & Prejudice"]
[BlackTeam "Pandora's Box Grantham"]

1. d4 Nf6 2. c4 g6 3. Nc3 Bg7 4. e4 d6 5. Nf3 O-O 6. Be2 e5 7. O-O Nc6 8. d5
Ne7 9. Ne1 Nd7 10. Be3 f5 11. f3 f4 12. Bf2 g5 13. a4 h5 14. a5 Nf6 15. c5 Ng6
16. cxd6 cxd6 17. Nb5 g4 18. Nxa7 g3 19. Bb6 gxh2+ 20. Kh1 Qe7 21. Rc1 Bd7 22.
Rc7 h4 23. Bb5 Rab8 24. Bxd7 Nxd7 25. Nc6 bxc6 26. dxc6 h3 27. Rxd7 Qg5 28. c7
Nh4 29. gxh3 Rbc8 30. Qxd6 Bf6 31. Qe6+ Kh8 32. Rf7 Rxf7 33. Qxc8+ Kh7 34. Qe6
1-0

[Event "4NCL"]
[Site "De Vere, Wokefield Park, ENG"]
[Date "2011.02.19"]
[Round "5.11"]
[White "Martin, Katie A"]
[Black "Sahl, Sheila"]
[Result "0-1"]
[WhiteElo "1901"]
[BlackElo "2173"]
[PlyCount "55"]
[EventDate "2011.??.??"]
[WhiteTeam "Pandora's Box Grantham"]
[BlackTeam "Pride & Prejudice"]

1. e4 c5 2. Nc3 d6 3. g3 Nc6 4. Bg2 g6 5. d3 Bg7 6. Be3 Nd4 7. Nge2 e6 8. Qd2
Qa5 9. O-O Ne7 10. Nc1 Rb8 11. Nb3 Qa6 12. f4 O-O 13. Rae1 b5 14. e5 Nef5 15.
Bf2 Bb7 16. Ne4 Bxe4 17. dxe4 Nxb3 18. axb3 Nd4 19. Ra1 Qb6 20. exd6 Qxd6 21.
Kh1 Qe7 22. e5 Rfd8 23. Qc3 Bf8 24. Ra2 h5 25. Rfa1 Rd7 26. Ra6 Rbd8 27. h3 h4
28. gxh4 0-1

[Event "4NCL"]
[Site "De Vere, Wokefield Park, ENG"]
[Date "2011.02.19"]
[Round "5.12"]
[White "Hunt, Adam C"]
[Black "Parker, Jonathan F"]
[Result "1/2-1/2"]
[WhiteElo "2436"]
[BlackElo "2531"]
[PlyCount "44"]
[EventDate "2011.??.??"]
[WhiteTeam "Betsson.com"]
[BlackTeam "Barbican 4NCL 1"]

1. e4 e5 2. Nf3 Nc6 3. Bb5 Nf6 4. O-O Nxe4 5. Re1 Nd6 6. Nxe5 Be7 7. Bf1 O-O 8.
d4 Nf5 9. c3 Nxe5 10. Rxe5 Nh4 11. Re1 d5 12. g3 Ng6 13. Bd3 Re8 14. Be3 c6 15.
Nd2 Nf8 16. Qc2 Bg4 17. f4 Bd6 18. Nf1 Qd7 19. Bf2 Rxe1 20. Rxe1 Re8 21. Rxe8
Qxe8 22. Ne3 Bd7 1/2-1/2

[Event "4NCL"]
[Site "De Vere, Wokefield Park, ENG"]
[Date "2011.02.19"]
[Round "5.12"]
[White "Turner, Matthew J"]
[Black "Ledger, Andrew J"]
[Result "1/2-1/2"]
[WhiteElo "2517"]
[BlackElo "2429"]
[PlyCount "102"]
[EventDate "2011.??.??"]
[WhiteTeam "Barbican 4NCL 1"]
[BlackTeam "Betsson.com"]

1. d4 d5 2. c4 c6 3. Nf3 Nf6 4. e3 e6 5. Nbd2 Nbd7 6. Bd3 c5 7. O-O Be7 8. b3
O-O 9. Bb2 b6 10. cxd5 Nxd5 11. Qb1 h6 12. Rd1 Bb7 13. e4 Nf4 14. Bb5 a6 15.
Bxd7 Qxd7 16. Nc4 Qc6 17. Nfe5 Qxe4 18. Qxe4 Bxe4 19. Nxb6 Ra7 20. f3 Bd5 21.
g3 Ne2+ 22. Kf1 Nxd4 23. Bxd4 cxd4 24. Nxd5 exd5 25. Rxd4 Rc8 26. Re1 Rc5 27.
Nd3 Bf6 28. Nxc5 Bxd4 29. Nd3 Bc3 30. Rd1 d4 31. Nf4 Rd7 32. Ne2 Bb2 33. Rd2
Ba1 34. a3 Rc7 35. f4 a5 36. Nxd4 Bxd4 37. Rxd4 Rc3 38. Rd8+ Kh7 39. Rb8 a4 40.
bxa4 Rxa3 41. Rb4 g5 42. Ke1 g4 43. Kd2 Ra2+ 44. Ke3 Rxh2 45. f5 h5 46. Rb7 Kh6
47. Kf4 f6 48. Rf7 Rf2+ 49. Ke4 Re2+ 50. Kf4 Rf2+ 51. Ke4 Re2+ 1/2-1/2

[Event "4NCL"]
[Site "De Vere, Wokefield Park, ENG"]
[Date "2011.02.19"]
[Round "5.12"]
[White "Ansell, Simon T"]
[Black "D'Costa, Lorin AR"]
[Result "1/2-1/2"]
[WhiteElo "2423"]
[BlackElo "2441"]
[PlyCount "37"]
[EventDate "2011.??.??"]
[WhiteTeam "Betsson.com"]
[BlackTeam "Barbican 4NCL 1"]

1. e4 c5 2. Nf3 d6 3. c3 Nf6 4. h3 Nc6 5. Bd3 g6 6. Bc2 Bg7 7. O-O O-O 8. d4
cxd4 9. cxd4 e5 10. Nc3 exd4 11. Nxd4 d5 12. Nxc6 bxc6 13. Be3 Be6 14. Ba4 Nxe4
15. Nxe4 dxe4 16. Bxc6 Rc8 17. Qa4 Qf6 18. Rac1 Bxa2 19. Bxe4 1/2-1/2

[Event "4NCL"]
[Site "De Vere, Wokefield Park, ENG"]
[Date "2011.02.19"]
[Round "5.12"]
[White "Collins, Sam E"]
[Black "Bates, Richard A"]
[Result "1/2-1/2"]
[WhiteElo "2436"]
[BlackElo "2370"]
[PlyCount "110"]
[EventDate "2011.??.??"]
[WhiteTeam "Barbican 4NCL 1"]
[BlackTeam "Betsson.com"]

1. c4 g6 2. g3 Bg7 3. Bg2 Nf6 4. Nc3 O-O 5. d3 d6 6. e4 c5 7. Nge2 Nc6 8. O-O
Bd7 9. Rb1 Ne8 10. Be3 Nc7 11. d4 cxd4 12. Nxd4 Ne5 13. b3 Ng4 14. Bc1 Ne6 15.
Nde2 Rb8 16. h3 Nf6 17. Be3 a6 18. f4 b5 19. f5 Nc7 20. Ba7 Rb7 21. Bd4 Rb8 22.
g4 g5 23. e5 dxe5 24. Bxe5 b4 25. Ne4 Nxe4 26. Bxg7 Kxg7 27. Bxe4 Ne8 28. Qd4+
Nf6 29. Ng3 Kg8 30. Qe5 Bc6 31. Rbd1 Nd7 32. Qd4 Qc7 33. Qe3 Bxe4 34. Qxg5+ Kh8
35. Nxe4 Nf6 36. Qf4 Qxf4 37. Rxf4 Kg7 38. Ng3 h6 39. Rfd4 a5 40. h4 Kh7 41.
Kf2 e5 42. fxe6 fxe6 43. Ke1 e5 44. Rd6 Nxg4 45. Rd7+ Kh8 46. c5 e4 47. Re7 Rf3
48. Nxe4 Re3+ 49. Kf1 Rf8+ 50. Kg1 Nf6 51. Rd4 Re1+ 52. Kg2 Re2+ 53. Kf3 Re1
54. Kg2 Re2+ 55. Kf3 Re1 1/2-1/2